Celebrity Jumble Quiz Stats

Quiz Updated Jul 29, 2017

Also try: Sporcle Jumble
Challenge
Share
Tweet
Embed
Score 0/20 Timer 03:00
7 Plays Today
Jumble Celebrity % Correct
BTRIYEN SSEAPRBritney Spears
94.8%
YALORT WISFTTaylor Swift
93.9%
DAAM SNLDRAEAdam Sandler
91.5%
IKM ARKDHSAINAKim Kardashian
90.3%
SSJEICA IMPSNOSJessica Simpson
89.4%
ACLIIA EYSKAlicia Keys
88.6%
EESER WTHIRESNOOPReese Witherspoon
85%
ZENDEL SHWAINGTONDenzel Washington
83.6%
MIJ RREYCAJim Carrey
78.7%
TEPER CKSONJAPeter Jackson
75.8%
Jumble Celebrity % Correct
RYTA KNABSTyra Banks
74.8%
IENL TRKCIPA RRISHANeil Patrick Harris
71.8%
VENSTE PIELSREBGSteven Spielberg
69.1%
STHONA UKTHCERAshton Kutcher
68.5%
NOACN BNRIEOConan O'Brien
64%
MESJA MERNOCAJames Cameron
55.3%
KCYRI ERGVIASRicky Gervais
54.6%
QASHLLIUE OLAENShaquille O'Neal
53.5%
ADRNOL AGGEERZRWESHCNArnold Schwarzenegger
50.8%
BERTRO TTINSOPNARobert Pattinson
43.8%

You're not logged in!

Compare scores with friends on all Sporcle quizzes.
Sign Up with Email
OR
Log In

You Might Also Like...

Show Comments

Extras

Top Quizzes Today


Score Distribution

Your Account Isn't Verified!

In order to create a playlist on Sporcle, you need to verify the email address you used during registration. Go to your Sporcle Settings to finish the process.